000 00273nam a2200121Ia 4500
008 170620s9999 xx 000 0 und d
100 _aTRIVEDY R K
245 0 _aHANDBOOK OF ENVIRONMENT
260 _bBSP PUBLICATION
260 _c2008
300 _a158
546 _aEnglish
690 _a ENVIRONMENT
999 _c31133
_d31133